Vražda na ulici Morgue /
Uložené v:
| Hlavný autor: | |
|---|---|
| Ďalší autori: | |
| Médium: | Kniha |
| Jazyk: | Slovak |
| Vydané: |
Bratislava :
Slovenské vydavateľstvo krásnej literatúry,
1963.
|
| Vydanie: | 1. vyd. |
| Edícia: | Malá svetová knižnica
zv. 88 |
| ISBN: |
(brož.) |
| Fyzický popis: |
235 s. |
| Tagy: |
Pridať tag
Žiadne tagy, Buďte prvý kto otaguje tento záznam!
|
Titul je dostupný aj v ... 

MARC
| LEADER | 00000nam a2200000 a 4500 | ||
|---|---|---|---|
| 001 | 000439613 | ||
| 005 | 20131014203843.0 | ||
| 008 | 101007s1963 xo slo d | ||
| 020 | |a (brož.) |c Kčs 8,00 | ||
| 040 | |a SVKKK |b slo |c SVKKK |e AACR2 | ||
| 041 | 0 | |a slo | |
| 044 | |a xo |c SK | ||
| 100 | 1 | |a Poe, Edgar Allan, |d 1809-1849 |4 aut | |
| 245 | 1 | 0 | |a Vražda na ulici Morgue / |c Edgar Allan Poe ; prel.: Ján Vilikovský. |
| 250 | |a 1. vyd. | ||
| 260 | |a Bratislava : |b Slovenské vydavateľstvo krásnej literatúry, |c 1963. | ||
| 300 | |a 235 s. | ||
| 490 | 1 | |a Malá svetová knižnica |v zv. 88 | |
| 700 | 1 | |a Vilikovský, Jan, |d 1904-1946 |4 trl | |
| 830 | 0 | |a Malá svetová knižnica |v zv. 88 | |
| 910 | |a svkkk | ||
| 998 | |a BK | ||
| 090 | |g SCKHL |k Sklad Hlavná 10 suterén |a I.25430 |j 327647 |i 2720281196 |s Beletria | ||